| 000 | 00762nam a2200229 a 4500 | ||
|---|---|---|---|
| 999 |
_c4931 _d4931 |
||
| 003 | ALUPE UNIVERSITY | ||
| 005 | 20220331092318.0 | ||
| 008 | 900629s1989 enka b 001 0 eng | ||
| 020 | _a0713145870 (AISE ed.) | ||
| 040 | _cALUPE UNIVERSITY | ||
| 050 | 0 | 0 |
_aRC607. _b.P73 1988 |
| 100 | 1 | _aPratt, Robert J. | |
| 245 | 1 | 0 |
_aAIDS : _ba strategy for nursing care / _cRobert J. Pratt. |
| 250 | _a2nd ed. | ||
| 260 |
_aLondon : _bE. Arnold, _cc1988. |
||
| 300 |
_aviii, 248 p. : _bill. ; _c22 cm. |
||
| 504 | _aIncludes bibliographical references and index. | ||
| 650 | 0 |
_aAIDS (Disease) _xNursing. |
|
| 906 |
_a7 _bcbc _corignew _d2 _encip _f19 _gy-gencatlg |
||
| 942 |
_2lcc _cBK |
||